| 000 | 00896na a2200253 4500 | ||
|---|---|---|---|
| 001 | 18194 | ||
| 003 | MIRAKIL | ||
| 005 | 20181213154948.0 | ||
| 008 | 161114b tu 000 0 | ||
| 040 |
_aMilas _btur _cTR-AnCHP |
||
| 041 | _atur | ||
| 082 |
_aCHP 923.2 _bEcevit T66e 1992 |
||
| 090 | _aCHP 923.2 Ecevit T66e 1992 | ||
| 100 | _aToprakoğlu, Celal | ||
| 245 |
_aEcevit'in düşünsel ve eylemsel sapmalarının eleştirisi _bTürk ordusu gerici mi? _bEcevit'in "askeri çağırma çığırtkanlığı" _bEcevit'in düşünce kofluğu _cCelal Toprakoğlu |
||
| 246 | _aEcevit'in düşünce kofluğu | ||
| 246 | _aEcevit'in "askeri çağırma çığırtkanlığı" | ||
| 246 | _aTürk ordusu gerici mi? | ||
| 260 |
_aİstanbul _bDemos Yayıncılık _c1992 |
||
| 300 |
_a168 s. _c19 sm. |
||
| 600 |
_aEcevit, Bülent _xSiyaset _yEleştiriler |
||
| 610 | _aCHP | ||
| 942 |
_2dcc _cBKS |
||
| 999 |
_c3940 _d3940 |
||